| 000 | 01491nam a22002777a 4500 | ||
|---|---|---|---|
| 999 |
_c5764 _d5764 |
||
| 003 | AR-CdUCM | ||
| 008 | 190313b ||||| |||| 00| 0 spa d | ||
| 040 |
_aMUNICIPALIDAD PROVINCIAL DEL CUSCO _cBIBLIOTECA MUNICIPAL DEL CUSCO |
||
| 082 |
_a869.9533 / _bH71 |
||
| 110 |
_aUniversidad Nacional Mayor de San Marcos (Lima). _aInstituto de Literatura _917136 |
||
| 245 | _aHomenaje a Ruben Dario / | ||
| 260 |
_aLima : _bJuridica, _c1967. |
||
| 300 |
_a132 paginas ; _bIlustraciones, retratos, fasciculos, _c22cm. |
||
| 440 |
_aPublicaciones del Instituto de Literatura de la Facultad de Letras y Ciencias Humanas de la Universidad Nacional Mayor de San Marcos _n25 _917137 |
||
| 500 | _aPublicaciones del Instituto de Literatura de la Facultad de Letras y Ciencias Humanas de la Universidad Nacional Mayor de San Marcos | ||
| 505 | _aContenido: Augusto Tamayo Vargas: La muerte de Darío y el modernismo en el Perú -- Washington Delgado: Situación social de la poesía de Rubén Darío -- Estuardo Nuñez: La imaginería oriental exotista de Rubén Darío -- José Alvarado Sánchez: Rubén Darío, materia y quintaesencia -- Emilia Romero de Valle: Rafaela Contreras de Darío -- Antología poética. | ||
| 650 |
_aPoesias _95433 |
||
| 650 |
_aNicaragua _92871 |
||
| 650 |
_aSiglo XX _98 |
||
| 650 |
_aLiteratura _983 |
||
| 700 |
_aTamayo Vargas, Augusto _91952 |
||
| 700 |
_aDelgado, Washington _91113 |
||
| 700 |
_aNúñez, Estuardo _92660 |
||
| 942 |
_2ddc _cLIBROS |
||
| 945 | _apjha | ||